Disco linar

Na minha lista:
Detalhes bibliográficos
Autor principal: Cabrol, Alejandro (Author)
Formato: Livro
Idioma:espanhol
Publicado em: Paraná Edición del Autor 2017
Edição:1a. ed
Assuntos:
Tags: Adicionar Tag
Sem tags, seja o primeiro a adicionar uma tag!

MARC

LEADER 00000cam a2200000 a 4500
001 UCC1332
003 CL-VaPUC
008 171020e20170000ag |||||||||||||||||spa|d
020 |a 9789873355226 
082 0 4 |a Ar861  |b CAB  |2 21 
100 0 |a Cabrol, Alejandro  |e author  |9 595403 
245 1 0 |a Disco linar 
250 |a 1a. ed 
300 |a 72 p 
942 |c BK 
945 |d 20171020 15:16:00  |a arojas 
260 |a Paraná  |b Edición del Autor  |c 2017 
650 0 |a Poesía argentina  |9 265575 
650 0 |a Literatura argentina  |9 320596 
583 |a last modification  |c 20171020 15:16:00  |k Rodrigo Vera 
999 |c 369870  |d 369868 
952 |0 0  |1 0  |3 erb  |4 0  |6 AR_861_000000000000000_CAB_2017  |7 0  |8 A  |9 486019  |a FDOPOS  |b FDOPOS  |i 5429471  |o Ar861 CAB 2017  |p 5429471  |r 2025-01-22  |w 2019-11-24  |y BK  |z Catalogado en:20171020  |k DLH